[Event "45th POL-ch"]
[Site "Lublin POL"]
[Date "1988.??.??"]
[Round "5"]
[White "Bany, Jerzy"]
[Black "Hawelko, Marek"]
[Result "1/2-1/2"]
[WhiteElo "2450"]
[BlackElo "2385"]
[EventDate "1988.02.27"]
[PlyCount "44"]

1.Nf3 Nf6 2.c4 e6 3.Nc3 Bb4 4.Qb3 c5 5.g3 Nc6 6.a3 Ba5 7.Bg2 O-O 8.O-O d6 
9.d3 h6 10.e3 Rb8 11.Nd2 Bd7 12.Qc2 a6 13.Nde4 Ne8 14.f4 Ne7 15.Rb1 Bb6 
16.Nd2 Bc6 17.Nf3 Ba7 18.e4 b5 19.Be3 d5 20.exd5 exd5 21.cxd5 Bxd5 22.Nxd5
Nxd5 1/2-1/2

[Event "45th POL-ch"]
[Site "Lublin POL"]
[Date "1988.??.??"]
[Round "5"]
[White "Czerwonski, Aleksander"]
[Black "Stempin, Pawel"]
[Result "1/2-1/2"]
[WhiteElo "2335"]
[BlackElo "2450"]
[EventDate "1988.02.27"]
[PlyCount "63"]

1.d4 Nf6 2.c4 e6 3.Nf3 b6 4.Nc3 Bb7 5.a3 d5 6.cxd5 Nxd5 7.Qc2 Be7 8.e4 
Nxc3 9.bxc3 O-O 10.Bd3 c5 11.O-O Qc8 12.Qe2 Ba6 13.Bf4 cxd4 14.cxd4 Bxd3 
15.Qxd3 Qa6 16.Qxa6 Nxa6 17.Rfc1 Rac8 18.Kf1 Rfd8 19.Ke2 f6 20.a4 Nb4 21.
Rxc8 Rxc8 22.Rc1 Rxc1 23.Bxc1 Kf7 24.Ba3 Nc6 25.Bxe7 Kxe7 26.Kd3 Kd6 27.
Kc4 a6 28.Ne1 Na5+ 29.Kb4 Nc6+ 30.Kc4 Na5+ 31.Kb4 Nc6+ 32.Kc4 1/2-1/2

[Event "45th POL-ch"]
[Site "Lublin POL"]
[Date "1988.??.??"]
[Round "5"]
[White "Jasnikowski, Zbigniew"]
[Black "Borkowski, Franciszek"]
[Result "1-0"]
[WhiteElo "2445"]
[BlackElo "2415"]
[EventDate "1988.02.27"]
[PlyCount "81"]

1.d4 Nf6 2.c4 g6 3.Nc3 Bg7 4.e4 d6 5.Be2 O-O 6.Bg5 h6 7.Be3 Nc6 8.d5 Ne5 
9.f4 Ned7 10.Nf3 c6 11.O-O a6 12.Nd4 c5 13.Nc2 Ne8 14.Qd2 Rb8 15.a4 f5 16.
e5 dxe5 17.fxe5 Nxe5 18.Bxh6 Bd7 19.Bxg7 Kxg7 20.Qf4 Nf7 21.b4 b6 22.a5 
Nf6 23.Qe3 cxb4 24.Nxb4 bxa5 25.Nxa6 Ra8 26.Nc5 Bc8 27.Nd3 Re8 28.Nf4 Ng5 
29.Rfd1 Rb8 30.c5 Rb3 31.Rab1 a4 32.Rxb3 axb3 33.h4 Nf7 34.Ne6+ Bxe6 35.
dxe6 Qb8 36.exf7 Kxf7 37.Bc4+ Kg7 38.Nd5 b2 39.Nxf6 b1=Q 40.Nxe8+ Kf8 41.
Qh6+ 1-0

[Event "45th POL-ch"]
[Site "Lublin POL"]
[Date "1988.??.??"]
[Round "5"]
[White "Kuczynski, Robert"]
[Black "Matlak, Marek"]
[Result "1/2-1/2"]
[WhiteElo "2485"]
[BlackElo "2410"]
[EventDate "1988.02.27"]
[PlyCount "70"]

1.e4 e6 2.d4 d5 3.Nc3 Bb4 4.e5 c5 5.a3 Bxc3+ 6.bxc3 Ne7 7.h4 Qa5 8.Bd2 
cxd4 9.cxd4 Qa4 10.Bc3 b6 11.h5 h6 12.g4 Ba6 13.Bg2 Nbc6 14.Rh3 Rf8 15.Ne2
f5 16.exf6 Rxf6 17.Rf3 Rxf3 18.Bxf3 Kd7 19.Qd2 Rf8 20.Bg2 Nc8 21.Nf4 Nd6 
22.Ng6 Rf7 23.f4 Kc7 24.Kf2 Nb5 25.Re1 Qxa3 26.Rxe6 Qxc3 27.Qxc3 Nxc3 28.
Rxc6+ Kxc6 29.Ne5+ Kd6 30.Nxf7+ Ke6 31.Ne5 Bb5 32.Ke3 a5 33.Kd2 Nb1+ 34.
Kc1 Nc3 35.Kd2 Nb1+ 1/2-1/2

[Event "45th POL-ch"]
[Site "Lublin POL"]
[Date "1988.??.??"]
[Round "5"]
[White "Kujawski, Adam"]
[Black "Sznapik, Aleksander"]
[Result "0-1"]
[WhiteElo "2345"]
[BlackElo "2480"]
[EventDate "1988.02.27"]
[PlyCount "62"]

1.e4 d6 2.d4 Nf6 3.Bd3 g6 4.Nf3 Bg7 5.O-O O-O 6.h3 c6 7.c3 Nbd7 8.Nbd2 c5 
9.Re1 cxd4 10.cxd4 e5 11.dxe5 Nxe5 12.Nxe5 dxe5 13.Qe2 Nh5 14.Qf3 Nf4 15.
Bf1 b6 16.Nc4 Ne6 17.Qg3 Nd4 18.Be3 Qe7 19.Rac1 b5 20.Na3 a6 21.Nc2 Be6 
22.Nxd4 exd4 23.Bf4 Rfc8 24.Bd6 Qb7 25.Rxc8+ Rxc8 26.Be5 Qb6 27.Rd1 Bxa2 
28.Rxd4 Bxe5 29.Qxe5 f6 30.Rd6 fxe5 31.Rxb6 Rc1 
    {T}
0-1

[Event "45th POL-ch"]
[Site "Lublin POL"]
[Date "1988.??.??"]
[Round "5"]
[White "Panczyk, Krzysztof"]
[Black "Staniszewski, Piotr"]
[Result "1/2-1/2"]
[WhiteElo "2435"]
[BlackElo "2440"]
[EventDate "1988.02.27"]
[PlyCount "87"]

1.d4 b5 2.e4 Bb7 3.Bxb5 Bxe4 4.Nf3 Nf6 5.O-O e6 6.c4 Be7 7.Nc3 Bb7 8.d5 
O-O 9.Re1 c6 10.dxc6 Nxc6 11.Bf4 Na5 12.b3 a6 13.Ba4 d5 14.cxd5 Nxd5 15.
Nxd5 Bxd5 16.Rc1 Bd6 17.Bxd6 Qxd6 18.Qd2 Nb7 19.Bc6 Bxc6 20.Qxd6 Nxd6 21.
Rxc6 Nf5 22.Rc7 Rfd8 23.Rec1 h6 24.Kf1 a5 25.R1c4 Rd5 26.Ke2 g5 27.h3 Kg7 
28.R4c5 Rxc5 29.Rxc5 Ne7 30.Ne5 Nd5 31.Rc4 Kf6 32.Ng4+ Ke7 33.g3 Rb8 34.
Ne3 Nb4 35.Rc7+ Kf8 36.a3 Nd5 37.Nxd5 exd5 38.Rc5 Rxb3 39.Rxa5 d4 40.a4 
Ra3 41.Ra7 Kg7 42.a5 Kg6 43.a6 Kg7 44.Ra8 1/2-1/2

[Event "45th POL-ch"]
[Site "Lublin POL"]
[Date "1988.??.??"]
[Round "5"]
[White "Schmidt, Wlodzimierz"]
[Black "Twardon, Marian"]
[Result "1/2-1/2"]
[WhiteElo "2440"]
[BlackElo "2350"]
[EventDate "1988.02.27"]
[PlyCount "97"]

1.Nf3 d5 2.d4 c5 3.c4 dxc4 4.e3 Nf6 5.Bxc4 e6 6.O-O a6 7.a4 Nc6 8.Qe2 cxd4
9.Rd1 Be7 10.exd4 O-O 11.Nc3 Nd5 12.Bd3 Ncb4 13.Bb1 b6 14.Ne5 Bb7 15.Qh5 
f5 16.Qe2 Rc8 17.Bd2 Qd6 18.f3 Bf6 19.Nxd5 Bxd5 20.Bc3 Bb3 21.Re1 Bh4 22.
g3 Bf6 23.Qd2 a5 24.Ra3 Bd5 25.Qf2 Rfd8 26.Ra1 Bb7 27.g4 fxg4 28.fxg4 Rf8 
29.Qg3 g6 30.Be4 Bxe4 31.Rxe4 Nd5 32.Rae1 Qd8 33.R1e2 Bh4 34.Qg2 Nxc3 35.
bxc3 Rxc3 36.Rc2 Rxc2 37.Qxc2 Bf2+ 38.Kg2 Bxd4 39.Qc4 Bxe5 40.Qxe6+ Rf7 
41.Qxe5 Qf6 42.Qxf6 Rxf6 43.g5 Rf5 44.h4 b5 45.axb5 Rxb5 46.Re7 Rb3 47.Ra7
Ra3 48.Ra8+ Kf7 49.Ra7+ 1/2-1/2

[Event "45th POL-ch"]
[Site "Lublin POL"]
[Date "1988.??.??"]
[Round "5"]
[White "Szopka, Dariusz"]
[Black "Tomaszewski, Roman"]
[Result "0-1"]
[WhiteElo "2295"]
[BlackElo "2370"]
[EventDate "1988.02.27"]
[PlyCount "68"]

1.e4 d5 2.exd5 Qxd5 3.Nc3 Qa5 4.d4 Nf6 5.Bc4 c6 6.Bf4 Bg4 7.Qd2 e6 8.f3 
Bf5 9.Nge2 Nbd7 10.O-O Be7 11.Ng3 Bg6 12.Rae1 Bb4 13.Nge2 Nd5 14.a3 Bxc3 
15.Nxc3 Nxc3 16.bxc3 Nb6 17.Bb3 Rd8 18.Bg5 Rd7 19.Re5 Qxa3 20.c4 O-O 21.
Ra5 Qb2 22.Be3 Bxc2 23.Bxc2 Nxc4 24.Qd3 Qxc2 25.Qxc2 Nxe3 26.Qe2 Nxf1 27.
Qxf1 Rfd8 28.Rxa7 Rxd4 29.Ra1 h6 30.h3 Rd2 31.Re1 b5 32.Kh2 R8d3 33.Rc1 b4
34.Rxc6 b3 
    {T}
0-1

[Event "45th POL-ch"]
[Site "Lublin POL"]
[Date "1988.??.??"]
[Round "6"]
[White "Borkowski, Franciszek"]
[Black "Szopka, Dariusz"]
[Result "1/2-1/2"]
[WhiteElo "2415"]
[BlackElo "2295"]
[EventDate "1988.02.27"]
[PlyCount "122"]

1.e4 g6 2.d4 Bg7 3.f4 d6 4.Nf3 Nf6 5.Nc3 O-O 6.Bd3 c5 7.dxc5 dxc5 8.e5 Nd5
9.Nxd5 Qxd5 10.Qe2 Bf5 11.Bxf5 gxf5 12.c4 Qc6 13.O-O Na6 14.Bd2 Rad8 15.
Bc3 Rd7 16.Rad1 Rfd8 17.Rxd7 Qxd7 18.Ng5 e6 19.h4 Nb4 20.a3 Na2 21.Be1 Nc1
22.Qe3 Qd4 23.Bf2 Nd3 24.Qf3 Nxf2 25.Rxf2 h6 26.Nh3 Qd1+ 27.Kh2 Qxf3 28.
Rxf3 f6 29.exf6 Bxf6 30.Re3 Kf7 31.h5 Rd2 32.b3 Bd4 33.Rg3 e5 34.Rg6 exf4 
35.Rxh6 Bf6 36.Rh7+ Kg8 37.Rh6 Be5 38.Re6 Re2 39.Rg6+ Kf8 40.Kg1 Rb2 41.h6
Rb1+ 42.Kf2 Rxb3 43.h7 Bd4+ 44.Kf1 f3 45.Rg8+ Ke7 46.gxf3 Rxf3+ 47.Kg2 
Rxa3 48.Nf4 Ra2+ 49.Kg3 Rc2 50.Nd5+ Kf7 51.h8=Q Bxh8 52.Rxh8 Rxc4 53.Rh7+ 
Ke6 54.Nf4+ Ke5 55.Re7+ Kd4 56.Rxb7 Rc3+ 57.Kf2 Ra3 58.Ne2+ Ke5 59.Re7+ 
Kd6 60.Rf7 Ke6 61.Rc7 Kd6 1/2-1/2

[Event "45th POL-ch"]
[Site "Lublin POL"]
[Date "1988.??.??"]
[Round "6"]
[White "Hawelko, Marek"]
[Black "Schmidt, Wlodzimierz"]
[Result "1/2-1/2"]
[WhiteElo "2385"]
[BlackElo "2440"]
[EventDate "1988.02.27"]
[PlyCount "43"]

1.e4 c5 2.Nf3 e6 3.d4 cxd4 4.Nxd4 Nf6 5.Nc3 d6 6.Bc4 a6 7.Bb3 b5 8.O-O Be7
9.Be3 O-O 10.f4 b4 11.Na4 Bb7 12.e5 dxe5 13.fxe5 Nd5 14.Bf2 Nd7 15.Re1 Re8
16.Nf5 Bf8 17.Bh4 Qc7 18.Bg3 Qc6 19.Nd4 Qc7 20.Nf5 Qc6 21.Nd4 Qc7 22.Nf5 
1/2-1/2

[Event "45th POL-ch"]
[Site "Lublin POL"]
[Date "1988.??.??"]
[Round "6"]
[White "Kujawski, Adam"]
[Black "Czerwonski, Aleksander"]
[Result "1/2-1/2"]
[WhiteElo "2345"]
[BlackElo "2335"]
[EventDate "1988.02.27"]
[PlyCount "59"]

1.e4 c6 2.d4 d5 3.Nd2 dxe4 4.Nxe4 Nf6 5.Nxf6+ gxf6 6.Nf3 Bf5 7.Bd3 Bg6 8.
O-O e6 9.Re1 Qc7 10.c4 Nd7 11.d5 O-O-O 12.Bxg6 hxg6 13.Qa4 Kb8 14.Be3 c5 
15.b4 e5 16.Nd2 e4 17.g3 f5 18.Rab1 Bd6 19.Nb3 Nb6 20.Qb5 a6 21.Qxb6 Qxb6 
22.bxc5 Qc7 23.cxd6 Qxc4 24.Nc5 Qxd5 25.Nxa6+ Kc8 26.d7+ Kxd7 27.Red1 
Qxd1+ 28.Rxd1+ Ke7 29.Bc5+ Kf6 30.Bd4+ 1/2-1/2

[Event "45th POL-ch"]
[Site "Lublin POL"]
[Date "1988.??.??"]
[Round "6"]
[White "Matlak, Marek"]
[Black "Panczyk, Krzysztof"]
[Result "1-0"]
[WhiteElo "2410"]
[BlackElo "2435"]
[EventDate "1988.02.27"]
[PlyCount "147"]

1.Nf3 Nf6 2.c4 g6 3.Nc3 c5 4.e4 Bg7 5.d4 cxd4 6.Nxd4 O-O 7.Be2 Nc6 8.Be3 
b6 9.Qd2 Bb7 10.f3 Nh5 11.Ndb5 f5 12.exf5 gxf5 13.f4 Nf6 14.h3 Kh8 15.O-O 
Rc8 16.Bf3 Na5 17.Bxb7 Nxb7 18.Nxa7 Rxc4 19.Qd3 Nd6 20.Nab5 Nfe4 21.Nxd6 
Nxd6 22.Nb5 Rc6 23.Nxd6 Rxd6 24.Qb3 Qa8 25.Rad1 Rg6 26.Rf2 Qc6 27.Kh2 Re6 
28.Bd4 Bxd4 29.Rxd4 Re4 30.Qd5 Rxd4 31.Qxd4+ Rf6 32.Re2 Qc5 33.Qxc5 bxc5 
34.Rxe7 d5 35.Rd7 d4 36.Rd5 Rc6 37.b3 Kg7 38.Rxf5 c4 39.bxc4 Rxc4 40.Rd5 
Kf6 41.Kg3 Ra4 42.Kf3 Ra3+ 43.Ke4 Rxa2 44.g4 Ra3 45.Rh5 Kg6 46.Kxd4 h6 47.
Ke4 Kg7 48.g5 hxg5 49.Rxg5+ Kf6 50.h4 Ra4+ 51.Kf3 Ra1 52.Kg4 Rg1+ 53.Kh5 
Rf1 54.Rg8 Kf7 55.Rg4 Kf6 56.Kh6 Rh1 57.h5 Kf5 58.Rg5+ Kf6 59.Ra5 Rg1 60.
Ra8 Rh1 61.Ra6+ Kf7 62.Kg5 Kg8 63.Ra8+ Kh7 64.Ra7+ Kg8 65.f5 Rg1+ 66.Kf6 
Rb1 67.Ra8+ Kh7 68.Re8 Rf1 69.Ke6 Kg7 70.h6+ Kh7 71.f6 Re1+ 72.Kd7 Rd1+ 
73.Ke7 Re1+ 74.Kf8 1-0

[Event "45th POL-ch"]
[Site "Lublin POL"]
[Date "1988.??.??"]
[Round "6"]
[White "Staniszewski, Piotr"]
[Black "Jasnikowski, Zbigniew"]
[Result "1/2-1/2"]
[WhiteElo "2440"]
[BlackElo "2445"]
[EventDate "1988.02.27"]
[PlyCount "58"]

1.d4 Nf6 2.c4 g6 3.Nc3 d5 4.Bf4 Bg7 5.e3 c5 6.dxc5 Qa5 7.Rc1 Ne4 8.cxd5 
Nxc3 9.Qd2 Qxa2 10.bxc3 Qa5 11.Bc4 Nd7 12.Nf3 Nxc5 13.Be5 Bxe5 14.Nxe5 f6 
15.Nf3 b5 16.Ba2 Ne4 17.Qb2 Bd7 18.O-O Rc8 19.Qb4 Qxa2 20.Qxe4 Bf5 21.Qd4 
Rc4 22.Ra1 Rxd4 23.Rxa2 Rxd5 24.Rxa7 Kf7 25.e4 Rd7 26.Rxd7 Bxd7 27.Nd4 Rc8
28.Ne2 Rc4 29.f3 b4 1/2-1/2

[Event "45th POL-ch"]
[Site "Lublin POL"]
[Date "1988.??.??"]
[Round "6"]
[White "Stempin, Pawel"]
[Black "Bany, Jerzy"]
[Result "1-0"]
[WhiteElo "2450"]
[BlackElo "2450"]
[EventDate "1988.02.27"]
[PlyCount "71"]

1.d4 e6 2.c4 d5 3.Nc3 Be7 4.Nf3 Nf6 5.Bg5 h6 6.Bh4 O-O 7.e3 b6 8.Be2 Bb7 
9.Bxf6 Bxf6 10.cxd5 exd5 11.b4 c6 12.O-O Re8 13.Qb3 Nd7 14.b5 Qc7 15.Rac1 
Qd6 16.bxc6 Bxc6 17.Nb5 Bxb5 18.Bxb5 Rec8 19.Ba6 Rxc1 20.Rxc1 Rd8 21.Qa4 
Nf8 22.Bb5 Qe7 23.Ne1 Ne6 24.Nd3 a5 25.h3 Ng5 26.Qb3 Ne4 27.Rc6 Rd6 28.Nf4
Bh4 29.g3 Rxc6 30.Bxc6 Qg5 31.Bxd5 Nxg3 32.Bxf7+ Kh7 33.Qc2+ Ne4+ 34.Kf1 
Qb5+ 35.Kg2 Qg5+ 36.Kf3 1-0

[Event "45th POL-ch"]
[Site "Lublin POL"]
[Date "1988.??.??"]
[Round "6"]
[White "Sznapik, Aleksander"]
[Black "Tomaszewski, Roman"]
[Result "1/2-1/2"]
[WhiteElo "2480"]
[BlackElo "2370"]
[EventDate "1988.02.27"]
[PlyCount "90"]

1.e4 e5 2.Nf3 Nf6 3.Nxe5 d6 4.Nf3 Nxe4 5.d4 d5 6.Bd3 Nc6 7.O-O Be7 8.c4 
Nb4 9.Be2 Be6 10.a3 Nc6 11.cxd5 Bxd5 12.Nc3 Nxc3 13.bxc3 O-O 14.Bd3 g6 15.
Be3 b6 16.Nd2 Na5 17.Re1 Re8 18.c4 Bb7 19.Ra2 Bf6 20.d5 b5 21.Ne4 bxc4 22.
Nxf6+ Qxf6 23.Be2 Rad8 24.Bf3 Nb3 25.Rae2 Qf5 26.Bh6 Qd7 27.h3 f6 28.Bg4 
f5 29.Bf3 Rxe2 30.Rxe2 Kf7 31.Bg5 Re8 32.Rc2 Ba6 33.d6 Qxd6 34.Qd5+ Qxd5 
35.Bxd5+ Kg7 36.Bxc4 Nd4 37.Rc3 Bxc4 38.Rxc4 Ne6 39.Be3 Ra8 40.Rc6 Kf7 41.
Ra6 f4 42.Bd2 Nc5 43.Rc6 Ne6 44.Ra6 Nc5 45.Rc6 Ne6 1/2-1/2

[Event "45th POL-ch"]
[Site "Lublin POL"]
[Date "1988.??.??"]
[Round "6"]
[White "Twardon, Marian"]
[Black "Kuczynski, Robert"]
[Result "1/2-1/2"]
[WhiteElo "2350"]
[BlackElo "2485"]
[EventDate "1988.02.27"]
[PlyCount "40"]

1.d4 d5 2.c4 e6 3.Nf3 c6 4.Nbd2 f5 5.g3 Bd6 6.Bg2 Nf6 7.b3 Qe7 8.Bb2 b6 9.
Ne5 Bb7 10.Rc1 Ne4 11.Ndf3 c5 12.e3 Nd7 13.Nxd7 Qxd7 14.Qe2 O-O 15.O-O 
Rac8 16.Rfd1 Rfd8 17.Ne5 Qe7 18.dxc5 bxc5 19.f3 Nf6 20.f4 Ne4 1/2-1/2

[Event "45th POL-ch"]
[Site "Lublin POL"]
[Date "1988.??.??"]
[Round "7"]
[White "Bany, Jerzy"]
[Black "Kujawski, Adam"]
[Result "1-0"]
[WhiteElo "2450"]
[BlackElo "2345"]
[EventDate "1988.02.27"]
[PlyCount "121"]

1.d4 Nf6 2.Nf3 c5 3.d5 e6 4.Nc3 exd5 5.Nxd5 Nxd5 6.Qxd5 Nc6 7.e4 Be7 8.Bc4
O-O 9.O-O d6 10.Qh5 Be6 11.Bxe6 fxe6 12.Qg4 Rf6 13.Be3 Rg6 14.Qh3 Qe8 15.
Rad1 Qf7 16.Nd2 d5 17.f4 Rh6 18.Qf3 d4 19.Bf2 e5 20.fxe5 Qe6 21.Bg3 Nxe5 
22.Bxe5 Qxe5 23.Qb3+ Kh8 24.Nf3 Qc7 25.e5 c4 26.Qb5 Rd8 27.b3 Rb6 28.Qxc4 
Qxc4 29.bxc4 Bc5 30.Kh1 Kg8 31.h3 Rb4 32.c3 Rxc4 33.cxd4 Bxd4 34.g4 Rf8 
35.Kg2 Bc5 36.Rc1 Rxc1 37.Rxc1 b6 38.Rd1 Re8 39.Rd7 a5 40.a4 h6 41.Kg3 b5 
42.Rc7 Bb4 43.axb5 Rb8 44.Nd4 a4 45.Kf3 a3 46.Ke4 a2 47.Ra7 Bc5 48.Rxa2 
Bxd4 49.Kxd4 Rxb5 50.Ra7 Rb3 51.e6 Kf8 52.Rf7+ Ke8 53.Rxg7 Rxh3 54.Ke5 h5 
55.gxh5 Re3+ 56.Kf6 Rf3+ 57.Kg6 Re3 58.e7 Re6+ 59.Kh7 Re5 60.h6 Rf5 61.Kg6
1-0

[Event "45th POL-ch"]
[Site "Lublin POL"]
[Date "1988.??.??"]
[Round "7"]
[White "Czerwonski, Aleksander"]
[Black "Sznapik, Aleksander"]
[Result "0-1"]
[WhiteElo "2335"]
[BlackElo "2480"]
[EventDate "1988.02.27"]
[PlyCount "79"]

1.c4 Nf6 2.Nf3 g6 3.g3 Bg7 4.Bg2 O-O 5.O-O d6 6.Nc3 Bg4 7.h3 Bxf3 8.Bxf3 
Nc6 9.d3 Nd7 10.Bd2 Nd4 11.Bg2 c5 12.Rb1 Rb8 13.a3 a5 14.b4 axb4 15.axb4 
cxb4 16.Rxb4 Nc5 17.Qb1 Nc6 18.Bxc6 bxc6 19.Rxb8 Qxb8 20.Qxb8 Rxb8 21.Rb1 
Ra8 22.Kg2 f5 23.Kf1 Kf7 24.Ke1 Ra3 25.Nd1 Ke6 26.Bb4 Ra2 27.Bxc5 dxc5 28.
Ne3 Bd4 29.Ng2 g5 30.Kf1 Kd6 31.Ne1 Bf6 32.Rc1 f4 33.gxf4 gxf4 34.Nf3 Bd4 
35.Ng1 e5 36.Kg2 e4 37.dxe4 Ke5 38.Nf3+ Kxe4 39.Kf1 h6 40.Ke1 
    {T}
0-1

[Event "45th POL-ch"]
[Site "Lublin POL"]
[Date "1988.??.??"]
[Round "7"]
[White "Jasnikowski, Zbigniew"]
[Black "Matlak, Marek"]
[Result "1-0"]
[WhiteElo "2445"]
[BlackElo "2410"]
[EventDate "1988.02.27"]
[PlyCount "83"]

1.d4 d5 2.c4 e6 3.Nf3 c6 4.Nc3 dxc4 5.a4 Bb4 6.e3 b5 7.Bd2 Qe7 8.axb5 Bxc3
9.Bxc3 cxb5 10.d5 Nf6 11.dxe6 fxe6 12.Nd4 O-O 13.Nxb5 Ne4 14.Bxc4 Nxf2 15.
Qd6 Qxd6 16.Nxd6 Bd7 17.O-O Ng4 18.Nf5 Rf7 19.h3 Nf6 20.Nxg7 Nd5 21.Rxf7 
Kxf7 22.Rf1+ Ke7 23.Bxd5 exd5 24.Bb4+ Kd8 25.Bd6 Kc8 26.Rf8+ Kb7 27.Rf7 
Kc6 28.Be5 Na6 29.Nh5 h6 30.Rf6+ Kb5 31.Rxh6 Nb4 32.Rh8 Rxh8 33.Bxh8 Kc4 
34.Bd4 a5 35.Nf6 Be6 36.h4 Nc6 37.h5 Nxd4 38.exd4 a4 39.g4 Bf7 40.g5 Kb3 
41.g6 Be6 42.h6 1-0

[Event "45th POL-ch"]
[Site "Lublin POL"]
[Date "1988.??.??"]
[Round "7"]
[White "Panczyk, Krzysztof"]
[Black "Twardon, Marian"]
[Result "1/2-1/2"]
[WhiteElo "2435"]
[BlackElo "2350"]
[EventDate "1988.02.27"]
[PlyCount "87"]

1.d4 Nf6 2.c4 e6 3.Nf3 c5 4.d5 exd5 5.cxd5 d6 6.Nc3 g6 7.e4 Bg7 8.h3 O-O 
9.Bd3 a6 10.a4 Qc7 11.O-O c4 12.Bc2 Nbd7 13.Re1 Re8 14.Be3 Nc5 15.Bd4 Bd7 
16.a5 Bb5 17.Qd2 Re7 18.e5 dxe5 19.Bxe5 Qd8 20.d6 Re8 21.Nxb5 axb5 22.Qb4 
Ncd7 23.Bc3 Nd5 24.Rxe8+ Qxe8 25.Qxb5 Nxc3 26.bxc3 Bxc3 27.Ra3 Bg7 28.Re3 
Qd8 29.Re7 Nf8 30.Qxc4 Ne6 31.Rxb7 Qxd6 32.Rb6 Qc5 33.Qxc5 Nxc5 34.Rb5 Bf8
35.Bb1 Rd8 36.Ba2 Rd1+ 37.Kh2 Ra1 38.Bd5 Rd1 39.Bc4 Rc1 40.Bd5 Rc2 41.Ne5 
Rxf2 42.Nxf7 Kg7 43.Nd8 Rd2 44.Ne6+ 1/2-1/2

[Event "45th POL-ch"]
[Site "Lublin POL"]
[Date "1988.??.??"]
[Round "7"]
[White "Szopka, Dariusz"]
[Black "Staniszewski, Piotr"]
[Result "1-0"]
[WhiteElo "2295"]
[BlackElo "2440"]
[EventDate "1988.02.27"]
[PlyCount "83"]

1.e4 c5 2.Nf3 d6 3.Nc3 Nf6 4.Bc4 e6 5.O-O Nc6 6.d3 Be7 7.a3 O-O 8.Ba2 a6 
9.Ne2 d5 10.e5 Nd7 11.Bf4 g5 12.Bg3 g4 13.Nd2 Ndxe5 14.Nf4 Bh4 15.Qe2 Bxg3
16.fxg3 Qg5 17.Rae1 b6 18.Qe3 h6 19.c3 a5 20.Rf2 Ba6 21.d4 cxd4 22.cxd4 
Ng6 23.h4 gxh3 24.gxh3 Nxf4 25.Rxf4 Kh8 26.Kh2 Rg8 27.Bb1 f5 28.Rg1 Qf6 
29.Nf3 Rg6 30.g4 Rag8 31.Re1 Qg7 32.Nh4 Rf6 33.gxf5 e5 34.Rg4 exd4 35.Qf4 
Qf8 36.Rxg8+ Kxg8 37.Qg4+ Kh7 38.Qh5 Qd6+ 39.Kh1 Qg3 40.Nf3 d3 41.Rg1 Qf4 
42.Ng5+ 1-0

[Event "45th POL-ch"]
[Site "Lublin POL"]
[Date "1988.??.??"]
[Round "7"]
[White "Tomaszewski, Roman"]
[Black "Borkowski, Franciszek"]
[Result "0-1"]
[WhiteElo "2370"]
[BlackElo "2415"]
[EventDate "1988.02.27"]
[PlyCount "65"]

1.d4 Nf6 2.c4 c5 3.Nf3 cxd4 4.Nxd4 e5 5.Nf3 Nc6 6.Nc3 Bb4 7.Bd2 O-O 8.e3 
e4 9.Ng5 Re8 10.Qc2 Qa5 11.h4 h6 12.Nh3 d5 13.cxd5 Nxd5 14.Bc4 Bxc3 15.
bxc3 Ne5 16.Be2 Bg4 17.c4 Qc7 18.Bxg4 Nxg4 19.Qb3 Nb6 20.Rc1 Rad8 21.Nf4 
Nxf2 22.Rf1 Nd3+ 23.Nxd3 Rxd3 24.Qb5 Qg3+ 25.Rf2 Red8 26.Rc2 Rxd2 27.Rxd2 
Rxd2 28.Qe8+ Kh7 29.Qxe4+ g6 30.Kxd2 Qxf2+ 31.Kc3 Qxa2 32.c5 Na4+ 33.Kb4 
0-1

[Event "45th POL-ch"]
[Site "Lublin POL"]
[Date "1988.??.??"]
[Round "8"]
[White "Czerwonski, Aleksander"]
[Black "Bany, Jerzy"]
[Result "1/2-1/2"]
[WhiteElo "2335"]
[BlackElo "2450"]
[EventDate "1988.02.27"]
[PlyCount "91"]

1.c4 f5 2.Nf3 Nf6 3.g3 e6 4.Bg2 Be7 5.O-O O-O 6.d4 d5 7.b3 b6 8.Ba3 Bxa3 
9.Nxa3 Qe7 10.Nb1 Bb7 11.cxd5 exd5 12.Nc3 Nbd7 13.Qc2 Ne4 14.Rac1 Rac8 15.
Qb2 c5 16.e3 Ndf6 17.Qa3 a6 18.h3 Rc7 19.Na4 Nd7 20.Rc2 Rfc8 21.Rfc1 Qe6 
22.dxc5 bxc5 23.Qb2 Bc6 24.Nc3 Ndf6 25.Ne2 a5 26.Qe5 Qd7 27.Nh4 Bb5 28.Nc3
Bd3 29.Nxe4 fxe4 30.Rc3 Qe8 31.Qxe8+ Nxe8 32.Rd1 c4 33.Nf5 a4 34.bxc4 dxc4
35.Bf1 g6 36.Nd4 Nf6 37.Ne6 Re7 38.Nf4 Rec7 39.Rdc1 Bxf1 40.Kxf1 g5 41.Ne6
Rc6 42.Nd4 Rc5 43.Ra3 Ra5 44.Rac3 Rac5 45.Ra3 Ra5 46.Rac3 1/2-1/2

[Event "45th POL-ch"]
[Site "Lublin POL"]
[Date "1988.??.??"]
[Round "8"]
[White "Hawelko, Marek"]
[Black "Panczyk, Krzysztof"]
[Result "1/2-1/2"]
[WhiteElo "2385"]
[BlackElo "2435"]
[EventDate "1988.02.27"]
[PlyCount "46"]

1.e4 e5 2.Nf3 Nc6 3.Bb5 a6 4.Ba4 Nf6 5.O-O Be7 6.Re1 b5 7.Bb3 O-O 8.c3 d5 
9.exd5 Nxd5 10.Nxe5 Nxe5 11.Rxe5 c6 12.d4 Bd6 13.Re2 Qh4 14.g3 Qh3 15.Nd2 
Bf5 16.Bxd5 cxd5 17.f3 Qh5 18.Re3 Qg6 19.Nf1 Bc2 20.Qe2 Bf4 21.Re7 Bd6 22.
Re3 Bf4 23.Re7 Bd6 1/2-1/2

[Event "45th POL-ch"]
[Site "Lublin POL"]
[Date "1988.??.??"]
[Round "8"]
[White "Kujawski, Adam"]
[Black "Schmidt, Wlodzimierz"]
[Result "1/2-1/2"]
[WhiteElo "2345"]
[BlackElo "2440"]
[EventDate "1988.02.27"]
[PlyCount "116"]

1.e4 c5 2.c3 e6 3.d4 d5 4.exd5 exd5 5.Nf3 Nc6 6.Be3 c4 7.b3 cxb3 8.axb3 
Bd6 9.Be2 Nge7 10.O-O O-O 11.c4 Nf5 12.Bg5 f6 13.Bc1 Ncxd4 14.Nxd4 Nxd4 
15.Qxd4 Be5 16.Rxa7 Bxd4 17.Rxa8 Qe7 18.Ba3 Bc5 19.Bxc5 Qxc5 20.Nc3 d4 21.
Nb5 Bd7 22.Rxf8+ Kxf8 23.Rd1 Bxb5 24.cxb5 f5 25.Bc4 Qe5 26.g3 g5 27.Bd3 
Kg7 28.Bc4 g4 29.Bf1 Kf6 30.h3 h5 31.hxg4 hxg4 32.Bc4 Qe4 33.Kf1 Qh1+ 34.
Ke2 Qf3+ 35.Ke1 Ke5 36.Rd2 Qh1+ 37.Ke2 Qe4+ 38.Kf1 Kf6 39.Rd3 Qe5 40.Rd2 
Qc5 41.Ke2 Ke7 42.Kd3 Qa7 43.Re2+ Kf6 44.Re6+ Kg7 45.Re7+ Kf6 46.Re2 Qa1 
47.Rd2 Qe1 48.Kc2 Kg5 49.Bd3 Qa1 50.Bc4 f4 51.gxf4+ Kxf4 52.Kd3 Qc3+ 53.
Ke2 Ke5 54.Rd3 Qc1 55.Rg3 Qc2+ 56.Kf1 Qd1+ 57.Kg2 Ke4 58.Kh2 Kf4 1/2-1/2

[Event "45th POL-ch"]
[Site "Lublin POL"]
[Date "1988.??.??"]
[Round "8"]
[White "Matlak, Marek"]
[Black "Szopka, Dariusz"]
[Result "1-0"]
[WhiteElo "2410"]
[BlackElo "2295"]
[EventDate "1988.02.27"]
[PlyCount "83"]

1.d4 g6 2.c4 Bg7 3.Nc3 d6 4.e4 Nc6 5.d5 Nd4 6.Be3 e5 7.Nge2 Nxe2 8.Bxe2 f5
9.exf5 Bxf5 10.g4 Bd7 11.Qd2 Nf6 12.f3 c6 13.O-O-O Rc8 14.dxc6 Bxc6 15.
Qxd6 Qxd6 16.Rxd6 a6 17.Rdd1 b5 18.cxb5 axb5 19.Kb1 Rb8 20.Rd6 b4 21.Rxc6 
bxc3 22.Rb6 O-O 23.Bc4+ Kh8 24.Rxb8 Rxb8 25.b3 Bf8 26.Kc2 Bb4 27.Rd1 Ra8 
28.a4 Rf8 29.Bb6 h5 30.gxh5 Nxh5 31.Rd8 Rxd8 32.Bxd8 Kg7 33.a5 Nf4 34.a6 
Ng2 35.Bg5 Ne1+ 36.Kd1 c2+ 37.Ke2 Ng2 38.Bd3 Nf4+ 39.Bxf4 exf4 40.Bxc2 Bc5
41.Kd3 g5 42.Kc4 1-0

[Event "45th POL-ch"]
[Site "Lublin POL"]
[Date "1988.??.??"]
[Round "8"]
[White "Staniszewski, Piotr"]
[Black "Tomaszewski, Roman"]
[Result "1/2-1/2"]
[WhiteElo "2440"]
[BlackElo "2370"]
[EventDate "1988.02.27"]
[PlyCount "35"]

1.d4 d5 2.c4 Nc6 3.Nc3 Nf6 4.Bf4 Bf5 5.e3 e6 6.Nf3 Bd6 7.Bxd6 Qxd6 8.cxd5 
exd5 9.Be2 O-O 10.O-O Bg4 11.Rc1 Rab8 12.a3 a6 13.b4 Ne7 14.Ne5 Bxe2 15.
Qxe2 c6 16.Na4 Nc8 17.Nc5 Qc7 18.Rc2 1/2-1/2

[Event "45th POL-ch"]
[Site "Lublin POL"]
[Date "1988.??.??"]
[Round "8"]
[White "Stempin, Pawel"]
[Black "Kuczynski, Robert"]
[Result "1/2-1/2"]
[WhiteElo "2450"]
[BlackElo "2485"]
[EventDate "1988.02.27"]
[PlyCount "50"]

1.d4 f5 2.Nf3 Nf6 3.g3 g6 4.Bg2 Bg7 5.O-O O-O 6.c4 d6 7.Nc3 c6 8.d5 e5 9.
dxe6 Bxe6 10.b3 Na6 11.Ng5 Bc8 12.Rb1 Qe7 13.Qc2 h6 14.Nf3 Be6 15.Ba3 Nc5 
16.Rbd1 Rad8 17.e3 Bf7 18.Ne2 Qe4 19.Qc1 Qe7 20.Bb2 a5 21.Bd4 a4 22.Qb2 
axb3 23.axb3 Nce4 24.Nd2 Nc5 25.Ra1 Ra8 1/2-1/2

[Event "45th POL-ch"]
[Site "Lublin POL"]
[Date "1988.??.??"]
[Round "8"]
[White "Sznapik, Aleksander"]
[Black "Borkowski, Franciszek"]
[Result "0-1"]
[WhiteElo "2480"]
[BlackElo "2415"]
[EventDate "1988.02.27"]
[PlyCount "87"]

1.e4 e5 2.Nf3 Nc6 3.Bb5 Nf6 4.O-O Nxe4 5.d4 Nd6 6.Bxc6 dxc6 7.dxe5 Ne4 8.
Qe2 Bf5 9.Rd1 Qe7 10.Rd4 Rd8 11.Nc3 Rxd4 12.Nxd4 Nxc3 13.bxc3 Bc8 14.e6 
Bxe6 15.Bf4 Bd5 16.Qg4 Qd7 17.Qg3 f6 18.Qd3 Bc5 19.Re1+ Kf7 20.Nb3 Qg4 21.
Bg3 Bd6 22.h3 Qg6 23.Qe2 f5 24.c4 Be4 25.Nd2 Re8 26.c5 Bxg3 27.fxg3 Qxg3 
28.Rf1 Kg6 29.Rf3 Qe5 30.Re3 Qxc5 31.Qf2 Kf7 32.Nb3 Qe5 33.c3 Kg8 34.Nd4 
Rf8 35.h4 c5 36.Ne2 f4 37.Rh3 Bc6 38.h5 Qf5 39.Rh4 f3 40.Ng3 Qb1+ 41.Kh2 
fxg2 42.Rf4 Qh1+ 43.Nxh1 gxh1=Q+ 44.Kg3 0-1